| 000 | 00536nam a2200181 a 4500 | ||
|---|---|---|---|
| 005 | 20140310183457.0 | ||
| 008 | 100107s19uu xx 00 eng d | ||
| 020 | _a9780230507128 | ||
| 050 |
_aRJ 506.H9 _b.R314 2009 |
||
| 245 |
_aRethinking ADHD from brain to culture / _cedited by Sami Timimi. |
||
| 260 |
_aNew York : _bPalgrave Macmillan, _c2009. |
||
| 300 |
_a418 p. : _c22 cm. |
||
| 521 | _aEDU | ||
| 650 | _aAttention deficit hyperactivity disorder. | ||
| 700 | _aLeo, Jonathan | ||
| 942 |
_cBK _2lcc _kFOR |
||
| 999 |
_c23695 _d23695 |
||